Privatizácia v roku 1995
Činnosť Fondu národného majetku Slovenskej republiky v r. 1995. Vydávanie a realizácia rozhodnutí (zakladanie akciových spoločností, predaj majetku a akcií, obchodné verejné súťaže, bezodplatné prevody). Správa majetku (výkon akcionárskych práv, vymáhanie pohľadávok). Peňažné príjmy a výdavky fondu.
Guardado en:
| Formato: | Capítulo de libro |
|---|---|
| Lenguaje: | eslovaco |
| Materias: | |
| Etiquetas: |
Sin Etiquetas, Sea el primero en etiquetar este registro!
|
MARC
| LEADER | 00000naa a2200000 4500 | ||
|---|---|---|---|
| 001 | r020772 | ||
| 005 | 20230801103254.9 | ||
| 041 | 0 | |a slo | |
| 044 | |a SK | ||
| 245 | 1 | 0 | |a Privatizácia v roku 1995 |
| 520 | |a Činnosť Fondu národného majetku Slovenskej republiky v r. 1995. Vydávanie a realizácia rozhodnutí (zakladanie akciových spoločností, predaj majetku a akcií, obchodné verejné súťaže, bezodplatné prevody). Správa majetku (výkon akcionárskych práv, vymáhanie pohľadávok). Peňažné príjmy a výdavky fondu. | ||
| 610 | 2 | 0 | |a Slovensko |
| 610 | 2 | 0 | |a 1995 |
| 610 | 2 | 0 | |a privatizácia |
| 610 | 2 | 0 | |a FNM SR Bratislava |